Business in Britain (Record no. 113281)

MARC details
000 -LEADER
fixed length control field 01052cad a22002175a 4500
001 - CONTROL NUMBER
control field L155008
008 - FIXED-LENGTH DATA ELEMENTS--GENERAL INFORMATION
fixed length control field 120217e20110127xxk 000 0 eng d
035 ## - SYSTEM CONTROL NUMBER
System control number (Sirsi) u155008
041 0# - LANGUAGE CODE
Language code of text/sound track or separate title eng
100 1# - MAIN ENTRY--PERSONAL NAME
Personal name Ho, Hann-Ju
245 00 - TITLE STATEMENT
Title Business in Britain
Remainder of title a survey of business opinions and trends
Medium [electronic resource]
260 ## - PUBLICATION, DISTRIBUTION, ETC.
Place of publication, distribution, etc. London
Name of publisher, distributor, etc. Lloyds TSB
Date of publication, distribution, etc. 2011
490 ## - SERIES STATEMENT
Series statement Lloyds TSB Business in Britain
Volume/sequential designation (39) January 2012
520 ## - SUMMARY, ETC.
Summary, etc. This annual survey offers a guide to the performance and expectations of businesses, covering principally the SME market. The survey has canvassed opinions of 1,811 businesses covering all industry sectors and regions of the British economy. Construction is one of the sectors featured.
590 ## - LOCAL NOTE (RLIN)
Local note KA
651 #4 - SUBJECT ADDED ENTRY--GEOGRAPHIC NAME
Geographic name United Kingdom
Chronological subdivision
690 ## - LOCAL SUBJECT ADDED ENTRY--TOPICAL TERM (OCLC, RLIN)
Topical term or geographic name as entry element Business and management
710 1# - ADDED ENTRY--CORPORATE NAME
Corporate name or jurisdiction name as entry element Lloyds TSB
9 (RLIN) 4126
856 40 - ELECTRONIC LOCATION AND ACCESS
Uniform Resource Identifier <a href="https://www.lloydstsbbusiness.com/media/lloydstsb2004/business/pdfs/Business-in-Britain-Report-December2011.pdf">https://www.lloydstsbbusiness.com/media/lloydstsb2004/business/pdfs/Business-in-Britain-Report-December2011.pdf</a>
Public note View this item free of charge at www.lloydstsbbusiness.com
942 ## - ADDED ENTRY ELEMENTS (KOHA)
Suppress in OPAC 0
Holdings
Withdrawn status Lost status Source of classification or shelving scheme Damaged status Not for loan Home library Current library Shelving location Date acquired Total Checkouts Full call number Barcode Date last seen Copy number Price effective from Koha item type
    Dewey Decimal Classification     Virtual Virtual Online 17/02/2012   ONLINE PUBLICATION 155008-2001 06/08/2019 1 06/08/2019 Book